| Tag |
First Indicator |
Second Indicator |
Subfields |
| LEADER |
00000cam a22000008a 4500 |
| 001 |
in00000017048 |
| 005 |
20151007053351.0 |
| 008 |
861118s1988 nyua b 10000 eng |
| 010 |
|
|
|a 86029834
|
| 020 |
|
|
|a 0312004192 (v. 1) :
|c $25.00 (est.)
|
| 020 |
|
|
|a 0312004184 (v. 2) :
|c $25.00 (est.)
|
| 035 |
|
|
|a (OCoLC)14930969
|
| 035 |
|
|
|9 AAB1397AM
|
| 040 |
|
|
|a DLC
|c DLC
|d m/c
|d TXA
|d UtOrBLW
|
| 049 |
|
|
|a TXAM
|v 1 [A11048173]
|
| 050 |
0 |
0 |
|a HM253
|b .S63 1987
|
| 050 |
|
4 |
|a HM253
|b .S63 1988
|
| 082 |
0 |
|
|a 302/.072
|2 19
|
| 245 |
0 |
0 |
|a Sociometric research /
|c edited by Willem E. Saris and Irmtraud N. Gallhofer for the International Sociological Association.
|
| 263 |
|
|
|a 8706
|
| 264 |
|
1 |
|a New York :
|b St. Martin's Press,
|c 1988.
|
| 300 |
|
|
|a volumes : b illustrations
|
| 336 |
|
|
|a text
|b txt
|2 rdacontent
|
| 337 |
|
|
|a unmediated
|b n
|2 rdamedia
|
| 338 |
|
|
|a volume
|b nc
|2 rdacarrier
|
| 500 |
|
|
|a Papers presented at the first international methodology conference of the International Sociological Association, Oct. 3-16, 1984, in Amsterdam.
|
| 504 |
|
|
|a Includes bibliographies.
|
| 505 |
0 |
|
|a v. 1. Data collection and scaling -- v. 2. Data analysis.
|
| 650 |
|
0 |
|a Sociometry
|x Congresses.
|
| 700 |
1 |
|
|a Saris, Willem E.
|
| 700 |
1 |
|
|a Gallhofer, Irmtraud N.
|
| 710 |
2 |
|
|a International Sociological Association.
|
| 999 |
|
|
|a MARS
|
| 999 |
f |
f |
|s e5722099-b409-38a2-ac24-b701ab4c0aa4
|i 145d7cdb-8624-3a5e-8a8a-1909bfba79fa
|t 0
|
| 952 |
f |
f |
|p ric
|a Texas A&M University
|b Rellis Campus
|c Joint Library Facility
|d Remote Storage
|t 0
|e HM253 .S63 1988
|h Library of Congress classification
|i unmediated -- volume
|k v.1
|m A14811048173
|
| 998 |
f |
f |
|a HM253 .S63 1988
|s v.1
|t 0
|l Remote Storage
|